000 02634cam a22001934a 4500
005 20250605164126.0
008 250528s ||||||||||||||||||||||||d
035 _a18455
020 _a9607643823
040 _aGR-AtMCL
_bgre
_dGR-AtMCL
_eAACR2
245 1 _aΟικονομικοί Θεσμοί, Διεθνής Ανταγωνιστικότητα και Οικονομική Πολιτική
260 _bΤυπωθήτω - Γιώργος Δαρδανός,
_c1998
300 _a296
520 _aΤο ενδιαφέρον της οικονομικής ανάλυσης εστιάζεται σήμερα στο σύνολο των οικονομικών θεσμών του καπιταλισμού κυρίως της αγοράς της επιχείρησης και του κράτους, περιλαμβανομένων των πολυεθνικών επιχειρήσεων και διεθνών οργανισμών. Εισαγωγή, Θεωρία Οικονομικών Θεσμών: Αγορές και Επιχειρήσεις και Κράτος, Περί της Οικονομικής του Κόστους Συναλλαγών και της Φύσης της Επιχείρησης, Η Edith Penrose και η Θεωρία της (Μεγέθυνσης της) Επιχείρησης, Περί της Φύσης του Καπιταλιστικού Κράτους, Πολυεθνικές Επιχειρήσεις και Διεθνής Οργάνωση και Αποβιομηχάνιση, Οικονομικοί Θεσμοί και Οικονομική Αποτελεσματικότητα, Οικονομική των Οργανώσεων: Κόστος Συναλλαγών (Κεφαλαια) Αγορές και Ιεραρχίες, Το Πρόβλημα της Αποτυχίας του Καπιταλισμού και οι Θεωρίες των Κρίσεων, Προς μια Εξελικτική Θεώρηση της Θεσμικής Κρίσης, Οικονομική Πολιτική: Πλαίσιο και Προτάσεις, Παραγωγικότητα και Ανταγωνιστικότητα και Σύγκλιση στην Παγκόσμια Οικονομία: Ο Ρόλος της Προσφοράς, Η Σχέση Μεταξύ Βιομηχανικής και Ανταγωνιστικής Στρατηγικής: Σύγκρουση και Σύγκλιση, Προσεγγίσεις Ζήτησης και Προσφοράς στην Οικονομική Πολιτική, Διαγράμματα.
700 1 _aΠιτέλης Χρήστος
_94693
942 _cBK
999 _c3816
_d3816